[Event "Penta Media GM"]
[Site "Kelamabakkam"]
[Date "2000.08.16"]
[Round "3"]
[White "Harikrishna, Pentala"]
[Black "Prasad, Devaki V"]
[Result "1-0"]
[WhiteElo "2500"]
[BlackElo "2431"]
[Annotator "Wells,P"]
[PlyCount "111"]
[EventDate "2000.08.14"]
[EventType "tourn"]
[EventRounds "12"]
[EventCountry "IND"]
[EventCategory "11"]
[SourceTitle "CBM 079"]
[Source "ChessBase"]
[SourceDate "2000.11.21"]
[SourceVersion "1"]
[SourceVersionDate "2000.11.21"]
[SourceQuality "1"]

1. c4 {Hecht} c6 2. Nf3 d5 3. e3 Nf6 4. Nc3 e6 5. d4 Nbd7 6. Bd3 dxc4 7. Bxc4
b5 8. Bb3 Bb7 9. O-O b4 10. Ne2 Bd6 11. Nf4 O-O 12. Ng5 Bxf4 13. exf4 h6 14.
Nf3 c5 15. Be3 Ba6 16. dxc5 (16. Re1 c4 17. Bc2 Nb6 {would be seriously
detrimental to white's hopes of generating piece play.}) 16... Bxf1 17. Qxf1 {
[%csl Yb3,Yc5] A passed pawn and a preponderance on the light squares provide
full compensation.} Qa5 18. Rc1 Nd5 19. Bxd5 exd5 20. Bd4 Rac8 21. Nh4 $1 {
[%csl Rg7][%cal Yh4f5,Yd4g7,Gg7g6] I like the fact that white's superiority on
the light squares survives the exchange of dark squared bishops. In fact, it
is worth noting how play on one set of squares supports that on another. It is
the big bishop on d4, by effectively banning ...g6 which secures access to the
f5 square. Still, black's next move is excellent too.} Rxc5 $1 22. Bxc5 Nxc5
23. Nf5 Re8 {and a pragmatic approach to material has reduced in turn much of
white's initiative.} 24. g3 Ne4 25. Qd3 Qb6 26. Qd4 Qf6 27. Qxf6 Nxf6 28. Kf1
Re6 29. Rc2 Ne4 30. f3 Nd6 31. Nd4 Re3 32. Kf2 Rd3 33. Nc6 b3 34. axb3 Rxb3 35.
Ne7+ Kh7 36. Nxd5 a5 37. g4 h5 38. h3 f6 39. f5 Kh6 40. Nf4 hxg4 41. hxg4 a4
42. Rd2 Nf7 43. Kg3 Kh7 44. Ng6 Kg8 45. Rd4 Rxb2 46. Rxa4 Rb8 {Hecht: '[#] 3-2
Bauern auf einem Flügel bei passiven schwarzen Figuren und weißem Raumvorteil.'
} 47. Ra7 Re8 48. Ne7+ Kf8 49. Nd5 Kg8 50. Nc7 Re7 (50... Rd8 $142 {Hecht}) 51.
Ra8+ Kh7 52. Ne6 g5 (52... Rb7 {Hecht} 53. f4 Rb3+ 54. Kh4 Rb7 55. g5 fxg5+ 56.
fxg5 g6 57. Nf8+ Kg7 58. f6+ $18) (52... Ne5 {Hecht} 53. Nf8+ Kh6 54. f4 Nf7
55. Ne6 g6 56. fxg6 Kxg6 57. Rg8+ Kh7 58. Rg7+ Kh8 59. f5 Rxe6 60. Rxf7 Ra6 61.
Kh4 Kg8 62. Rb7 Kf8 63. Kh5 Ra4 64. g5 fxg5 65. Kg6 g4 66. f6 Ra8 67. Rh7 Kg8
68. f7+ $18) 53. fxg6+ Kxg6 54. Nf4+ Kh6 55. Ra6 Kg5 56. Nd5 1-0